000
00311nam a22001457a 4500
008
230831b ||||| |||| 00| 0 eng d
020
_a
9780558642433
041
_a
eng
080
_a
004
082
_a
004BOU
100
_a
18
101
_a
SHKI
245
_a
MODEL,RIG,ANIMATE
_c
BOUSQUET.M
942
_2
udc
_c
BK
999
_c
60218
_d
60218